000 00228nam a22001097a 4500
082 _a823
_bJOY/B
100 _aJOYCE, MELANIE
245 _aBUSY FIRE STATION
260 _aUK
_bLADYBIRD
650 _aENGLISH SHORT SORY
942 _cBK
999 _c4503
_d4503